The Christian book of knowledge; vol. 1. (Record no. 649)

000 -LEADER
fixed length control field 00623nam a2200193 a 4500
001 - CONTROL NUMBER
control field :::00013805$&:&@@
003 - CONTROL NUMBER IDENTIFIER
control field OkBaRHE
005 - DATE AND TIME OF LATEST TRANSACTION
control field 20100324135222.0
008 - FIXED-LENGTH DATA ELEMENTS--GENERAL INFORMATION
fixed length control field s1970 j 000 0 eng u
040 ## - CATALOGING SOURCE
Transcribing agency
100 1# - MAIN ENTRY--PERSONAL NAME
Personal name Norman, Don Cleveland,
245 14 - TITLE STATEMENT
Title The Christian book of knowledge; vol. 1.
260 ## - PUBLICATION, DISTRIBUTION, ETC. (IMPRINT)
Place of publication, distribution, etc Chicago, IL., :
Name of publisher, distributor, etc Consolidated Book Publishers
Date of publication, distribution, etc 1970
300 ## - PHYSICAL DESCRIPTION
Extent v. (1-3) : illus. ;
Dimensions 24 cm.
650 ## - SUBJECT ADDED ENTRY--TOPICAL TERM
Topical term or geographic name as entry element Bible
General subdivision Introductions
650 ## - SUBJECT ADDED ENTRY--TOPICAL TERM
Topical term or geographic name as entry element Bible Stories, English
942 ## - ADDED ENTRY ELEMENTS (KOHA)
Source of classification or shelving scheme
Koha item type Books
Copies
Permanent Location Date acquired Not for loan Shelving location Source of classification or shelving scheme Full call number Damaged status Koha item type Lost status Copy number Price effective from Collection code Barcode Withdrawn status Date last seen
RHEMA Bible Training College2010-04-14 General Stacks BS 550.2 .C47 Books 12010-04-14Reference13805 2018-02-16